000 00868nam a22002417a 4500
005 20140820103849.0
010 _aB-498517-526 ENG-110387
020 _a9780749462093
_c250.00
035 _aB-498517-526
035 _aEN-93919
037 _bUBH/Ven
_adpl
037 _bDBAD/PUB
082 _a650.076
100 _aBryon, Mike
245 _aHow to pass graduate psychometric tests :
_cby Mike Bryon
_bessential preparation for numerical and verbal ability tests plus personality questionaires /
250 _a4th ed
260 _aNew Delhi
_bKogan Page
_c2011
270 _a4734/23 Ansari Road, Daryaganj
_bNew Delhi
_e110002
300 _avii,247p. :
_bill.
_c22cm(pbk)
500 _aIncludes index
942 _2ddc
_cEN
_mBRY
_h650.076
999 _c74955
_d74955